Fr. Conceicao Rodrigues College of Engineering

Interior Painting & Wallpapering (Record no. 30856)

MARC details
000 -LEADER
fixed length control field 00337nam a2200145Ia 4500
082 ## - DEWEY DECIMAL CLASSIFICATION NUMBER
Classification number 698
100 ## - MAIN ENTRY--PERSONAL NAME
Personal name Wheeler/ G.
245 ## - TITLE STATEMENT
Title Interior Painting & Wallpapering
260 ## - PUBLICATION, DISTRIBUTION, ETC.
Name of publisher, distributor, etc. Reston Publishing
Place of publication, distribution, etc. Verginia
Date of publication, distribution, etc. 1974
300 ## - PHYSICAL DESCRIPTION
Extent 171
546 ## - LANGUAGE NOTE
Language note ENGLISH
650 ## - SUBJECT ADDED ENTRY--TOPICAL TERM
Topical term or geographic name entry element General
654 ## - SUBJECT ADDED ENTRY--FACETED TOPICAL TERMS
Focus term Int. Painting and wallpapering
942 ## - ADDED ENTRY ELEMENTS (KOHA)
Koha item type BOOK
Holdings
Withdrawn status Lost status Damaged status Not for loan Collection Home library Current library Shelving location Date acquired Source of acquisition Cost, normal purchase price Inventory number Total Checkouts Full call number Barcode Date last seen Cost, replacement price Price effective from Koha item type
        AFT Fr. Agnel's C.Rodrigues College of Engineering Fr. Agnel's C.Rodrigues College of Engineering   17/03/2023 MARINE SPORTS 83.50 8261   698 AFT3548 17/03/2023 83.50 17/03/2023 BOOK